Popular Video Games by Picture - Statistics

General Stats
  • This quiz has been taken 145 times
  • The average score is 10 of 20
Answer Stats
Picture Answer % Correct
Minecraft
97%
Tetris
96%
Red Dead Redemption 2
95%
Super Mario Bros
92%
Fortnite
78%
Grand Theft Auto V
78%
The Last Of Us Part 1
78%
Lego Marvel Super Heroes
50%
Mario Kart Wii
47%
Call of Duty: Black Ops 2
46%
Elden Ring
41%
Subnautica
37%
Cyberpunk 2077
34%
Halo Reach
30%
Wii Sports Resort
29%
Super Smash Bros Ultimate
21%
Doom Eternal
20%
Gran Turismo 7
14%
Pokemon Ultra Sun/Moon
11%
Forza Horizon 3
10%
No matching quizzes found
Score Distribution
Percent of People with Each Score
Percentile by Number Answered
Your Score History
You have not taken this quiz